Fogli d'album - impastamenti sottili per salterio, stromenti facili e voci

Bibliographic Details
Main Author: Hatrík, Juraj, 1941-2021 (Composer)
Format: Musical Score Book
Language:Italian
Slovak
PhysicalDescription:1 partitúra (49 s.) 30 cm brožúra
Published: Bratislava H plus 2013
Edition:1. vyd.
Subjects:

MARC

LEADER 00000ncm a2200000 a 4500
001 vtls010627347
003 SK-MaSNL
005 20260331205826.0
007 qu
008 251117s2013 xo zzaug u ita
015 |a SNBH2015 
024 2 |a 9790685060055 (brož.) 
040 |a SNK  |b slo  |c SNK  |e AACR2 
041 0 |a ita  |a slo 
044 |a xo  |c SK 
048 |a tz01  |a zn01 
072 7 |a 787  |x Hudba pre strunové a sláčikové nástroje  |2 konspekt 
080 |a 787.083  |2 2001 
080 |a 788.5.04  |2 2001 
080 |a 78.089.6.087  |2 2001 
084 |a 1.1.5  |2 snlmc 
084 |a 1.1.7  |2 snlmc 
100 1 |a Hatrík, Juraj,  |d 1941-2021  |4 cmp  |9 212361 
245 1 0 |a Fogli d'album - impastamenti sottili per salterio, stromenti facili e voci  |h hudobnina  |c Juraj Hatrík 
246 1 1 |a Lístky do pamätníka - drobné splynutia pre cimbal, ľahkoovládateľné nástroje a hlasy 
250 |a 1. vyd. 
254 |a Partitúra a hlasy 
260 |a Bratislava  |b H plus  |c 2013 
300 |a 1 partitúra (49 s.)  |c 30 cm  |e brožúra 
366 |e 50 výt. 
382 |a cimbál a ľahkoovládateľné nástroje 
500 |a Na obálke: Milan Adamčiak: Veselé námornícke pesničky 
505 0 0 |t I. Dotyky - Contatti --  |t II. Sojenia - Collegamenti --  |t III. Cantabile 
648 7 |a 20.-21. stor.  |2 SNKPH  |9 270701 
648 7 |a 20th-21st centuries  |2 SNKPHeng  |9 285312 
650 0 7 |a drobné skladby (cimbal)  |2 SNKPH  |9 328085 
650 0 7 |a charakteristické skladby (cimbal)  |2 SNKPH  |9 662392 
650 0 7 |a Small music pieces (cimbalom)  |2 SNKPHeng  |9 328086 
650 0 7 |a Character pieces (cimbalom)  |2 SNKPHeng  |9 662393 
655 7 |a partitúry a hlasy  |2 SNKPH  |9 70304 
655 7 |a Scores and parts  |2 SNKPHeng  |9 303707 
919 |a 979-0-68506-005-5 
958 |a DB 
999 |c 1023421  |d 1025351 
952 |a SNK  |b SNK  |y PREZ  |7 0  |p 17A1117507  |o snkHSB 4558  |i snk2014/21377  |8 0  |0 0  |1 0  |4 0  |d 2014-10-10  |l 0  |r 2026-02-24 13:30:52  |w 2026-02-24 
952 |a SNK  |b SNK  |y NEVYP  |7 1  |p 17A1117505  |o snkHSB 4558 D1  |i snk2014/21378  |8 0  |0 0  |1 0  |4 0  |d 2014-10-10  |l 0  |r 2026-02-24 13:30:52  |w 2026-02-24 
952 |a SNK  |b SNK  |y PREZ  |7 0  |p 17A1117508  |o snkHSB 4558/príl.  |i snk2014/21377  |8 0  |3 CD príloha  |z CD príloha  |0 0  |1 0  |4 0  |d 2014-10-10  |l 0  |r 2026-02-24 13:30:52  |w 2026-02-24 
952 |a SNK  |b SNK  |y NEVYP  |7 1  |p 17A1117506  |o snkHSB 4558/príl. D1  |i snk2014/21378  |8 0  |3 CD príloha  |z CD príloha  |0 0  |1 0  |4 0  |d 2014-10-10  |l 0  |r 2026-02-24 13:30:52  |w 2026-02-24